Viajar sin llegar. Un encuentro filosófico con iberoamérica

Uloženo v:
Podrobná bibliografie
Hlavní autor: Grassi, Ernesto (Autor)
Médium: Kniha
Jazyk:španělština
Vydáno: Barcelona, España Anthropos 2008
Vydání:1a. ed
Edice:Autores, Textos y Temas Humanismo
Témata:
Tagy: Přidat tag
Žádné tagy, Buďte první, kdo vytvoří štítek k tomuto záznamu!

MARC

LEADER 00000cam a2200000 a 4500
001 UCH4827
003 CL-VaPUC
005 20210506001516.0
008 090910e20080000SP |||||||||||||||||spa|d
020 |a 9788476588833 
040 |c Pontificia Universidad Católica de Valparaíso 
082 0 4 |a 144 GRA 2008  |2 21 
100 |a Grassi, Ernesto  |e author  |9 389 
245 1 0 |a Viajar sin llegar.  |b Un encuentro filosófico con iberoamérica 
250 |a 1a. ed 
260 |a Barcelona, España   |b Anthropos  |c 2008 
300 |a 150 páginas  
440 |a Autores, Textos y Temas Humanismo  |9 860834 
583 |a last modification  |c 20150903 02:39:12  |k Rodrigo Vera 
650 0 |a Humanismo  |9 256530 
942 |c BK  |2 ddc 
945 |d 20090910 00:00:00  |a rbrito 
999 |c 336083  |d 336081 
952 |0 0  |1 0  |4 0  |6 144_000000000000000_GRA_2008  |7 0  |8 A  |9 426982  |a BIBEDU  |b BIBEDU  |d 2019-11-22  |i 4600649  |o 144 GRA 2008  |p 4600649  |r 2019-11-22  |w 2019-11-22  |y BK  |k FIL 
952 |0 0  |1 0  |3 erb  |4 0  |6 144_000000000000000_GRA_2008  |7 0  |8 A  |9 426983  |a BIBEDU  |b BIBEDU  |i 5197198  |o 144 GRA 2008  |p 5197198  |r 2019-11-22  |w 2019-11-22  |y BK  |z Catalogado en:20150911  |k FIL 
952 |0 0  |1 0  |3 erb  |4 0  |6 144_000000000000000_GRA_2008  |7 0  |8 A  |9 426984  |a BIBEDU  |b BIBEDU  |d 2019-09-12  |e 2  |g 9336.00  |i 5561442  |o 144 GRA 2008  |p 5561442  |r 2019-11-22  |v 9336.00  |w 2019-11-22  |y BK  |z Catalogado en:20190927  |k FIL